000 00218nam a22000977a 4500
999 _c16123
_d16123
003 OSt
008 191107b ||||| |||| 00| 0 eng d
100 _aNarayana pillai,M R.
_94349
245 _aNarayana pillai
942 _cBK